Normale Ansicht MARC-Ansicht ISBD

Not machte Dorfbewohner erfinderisch: (Titelsatznr. 80445)

[ MARC ]
MARC-Details
000 -Satzkennung
Kontrollfeld mit fester Länge 00758nam a22001697a 4500
008 - Feld mit fester Länge zur physischen Beschreibung - Allgemeine Angaben
Kontrollfeld mit fester Länge 201130b ||||| |||| 00| 0 eng d
040 ## - Katalogisierungsquelle
Katalogisierungssprache ger
Übertragungsstelle STAFF
Beschreibungsfestlegungen rda
Original-Katalogisierungsstelle ISIL EINTRAGEN
041 ## - Sprachcode
Sprachcode des Textes/der Tonspur oder des separaten Titels ger
100 ## - Person oder Familie als 1. geistiger Schöpfer
Personenname Weber-Rath, Ines:
240 ## - Bevorzugter Titel des Werks
Bevorzugter Titel des Werks <a href="Das war das Corona-Jahr 2020 in den Frankfurter Ortsteilen">Das war das Corona-Jahr 2020 in den Frankfurter Ortsteilen</a>
245 ## - Titel
Haupttitel Not machte Dorfbewohner erfinderisch:
Titelzusatz Bilanz: Die meisten Veranstaltungen sind ausgefallen. Erreicht wurde in den Ortsteilen dennoch einiges. Streit bremste einige Vorhaben aus/
Verantwortlichkeitsangabe Ines Weber-Rath
773 ## - Übergeordnete Einheit
Ort, Verlag und Erscheinungsjahr Frankfurt (Oder): Märkisches Verlags- und Druckhaus GmbH & Co KG
Verknüpfungsangaben 31. Jahrgang (2020) Nr. 296 vom 19./20.12.2020, Seite 20
Titel Märkische Oderzeitung
942 ## - Zusätzliche Felder (Koha)
Koha-Medientyp Aufsätze
Exemplare
Ausgeschieden Verloren Beschädigt Nicht entleihbar Permanenter Standort Aktueller Standort Aufstellungsort Eingabedatum Anzahl Ausleihen Signatur Letzte Aktivität Preis gültig von Medientyp
        Stadtarchiv Frankfurt (Oder) | Archivbibliothek Stadtarchiv Frankfurt (Oder) | Archivbibliothek Magazin 22/12/2020   Z2 22/12/2020 22/12/2020 Aufsätze